Cidades por silhueta - Mapa - Statistics

Estatísticas Gerais
  • Esse quiz foi jogado 26 vezes
  • A pontuação média é 5 de 10
Respostas no mapa
Respostas codificadas por cores de uma escala verde-vermelha no mapa do quiz de acordo com a % correta abaixo.
 
Estatísticas das Respostas
Resposta % Correto
Paris
100%
Nova Iorque
90%
Dubai
67%
Seattle
67%
Sydney
48%
Xangai
43%
Barcelona
33%
Kuala Lumpur
29%
Toronto
24%
Joanesburg
14%
Nenhum quiz correspondente encontrado
Distribuição das Pontuações
Porcentagem de Pessoas com Cada Pontuação
Percentil de Números Respondidos
Sua Pontuação Histórica
Você não jogou esse quiz